| 000 | 00940cam a22002657a 4500 | ||
|---|---|---|---|
| 005 | 20220329141226.0 | ||
| 008 | 971010s1988 r 10010 d | ||
| 010 | _a64696 | ||
| 011 | _a65668 | ||
| 035 | _a72929 | ||
| 082 |
_a632.58 _bS6 1988 |
||
| 111 | 0 | 0 |
_aSouthern Weed Conference ( _n41 _d: 1988 _c: Tulsa, Oklahoma) _9108981 |
| 245 | 0 |
_aProceedings _b: environmental legislation and its effects on weed science |
|
| 260 |
_aTulsa, Oklahoma : _bThe Society, _c1988 |
||
| 300 |
_a477 p. _b: ilus., gráfs. |
||
| 590 |
_aBATCH-UPD _b10 _c20130110 _lUCH01 _h0911 |
||
| 590 |
_aBATCH-UPD _b10 _c20130410 _lUCH01 _h0536 |
||
| 590 |
_aBATCH-UPD _b10 _c20130914 _lUCH01 _h1608 |
||
| 590 |
_aCONVERSION _b10 _c20130109 _lUCH01 _h1335 |
||
| 650 | 1 | 4 |
_aHerbicidas. _953691 |
| 650 | 1 | 4 |
_aMalas hierbas _xControl. _970011 |
| 650 | 1 | 4 |
_aMedio ambiente _xProtección. _974106 |
| 901 | _aBK | ||
| 949 |
_a632.58 S6 1988 _bPA _cLIBRO _d-5675 _eLIBRO _h1632 _i72929 _si |
||
| 999 |
_c64696 _d64696 |
||